LEADER 01149nam--2200373---450- 001 990002676320203316 005 20051025154406.0 010 $a88-430-3253-4 035 $a000267632 035 $aUSA01000267632 035 $a(ALEPH)000267632USA01 035 $a000267632 100 $a20051024d2005----km-y0itay0103----ba 101 0 $aita 102 $aIT 105 $ay|||z|||001yy 200 1 $a<> nuove professioni educative$ela didattica nei servizi socio-culturali 210 $aRoma$cCarocci$dcopyr. 2005 215 $a243 p.$d24 cm 225 2 $aUniversità$iScienze dell'educazione$v637 410 0$1001$12001$aUniversità$iScienze dell'educazione 606 0 $aEducatori$xFormazione 676 $a370.711 700 1$aMACCARIO,$bDaniela$0591918 801 0$aIT$bsalbc$gISBD 912 $a990002676320203316 951 $aII.4. 3225(VI B 927)$b182816 L.M.$cVI B$d00117775 959 $aBK 969 $aUMA 979 $aCHIARA$b90$c20051024$lUSA01$h1047 979 $aCOPAT1$b90$c20051025$lUSA01$h1544 979 $aCOPAT1$b90$c20051025$lUSA01$h1544 996 $aNuove professioni educative$91002625 997 $aUNISA